00638nam a2200193Ia 4500008004100000020001500041082001300056100001900069245003700088260003700125300000900162500002400171650001200195700003100207942000700238952009200245952009200337999001500429230524s9999 xx 000 0 und d a8186062262 a415bROB aMairi Robinson 0aChambers 21st Century Dictionary aNEW DELHIbAllied Chambersc2005 a1654 aQuantity Number: 2 aEnglish a George Davidson (Editors) cBK 00104070aTATCLbTATCLcGENd2023-05-24l0o415 ROBp8451r2023-05-24w2023-05-24yBK 00104070aTATCLbTATCLcGENd2023-05-24l0o415 ROBp8452r2023-05-24w2023-05-24yBK c4844d4844